Taylor Swift Discography - Statistics

General Stats
  • This quiz has been taken 119 times
    103 since last reset
  • The average score is 77 of 117
Answer Stats
Hint Answer % Correct
Fearless Fearless
86%
Lover ME!
85%
Taylor Swift Tim McGraw
85%
1989 Blank Space
84%
Lover Lover
84%
Speak Now Ours
84%
Red Red
84%
Taylor Swift Our Song
82%
1989 Style
82%
Taylor Swift Teardrops On My Guitar
82%
Fearless You Belong With Me
82%
1989 Bad Blood
81%
Fearless Love Story
81%
Speak Now Mean
81%
1989 Out Of The Woods
81%
Taylor Swift Picture To Burn
81%
Speak Now Speak Now
81%
1989 Shake It Off
79%
Speak Now Back To December
78%
1989 Welcome To New York
78%
1989 Wildest Dreams
78%
Fearless Fifteen
77%
Speak Now Mine
77%
Red 22
75%
Speak Now Dear John
75%
reputation Look What You Made Me Do
75%
Lover You Need To Calm Down
75%
Lover Cruel Summer
74%
Red I Knew You Were Trouble.
74%
Red We Are Never Ever Getting Back Together
74%
reputation End Game
73%
reputation ...Ready For It?
73%
Speak Now Enchanted
71%
Lover I Forgot That You Existed
71%
Taylor Swift Should've Said No
71%
Speak Now Sparks Fly
71%
Lover The Man
71%
Fearless White Horse
71%
Lover London Boy
70%
Speak Now Long Live
70%
Taylor Swift Mary's Song (Oh My My My)
70%
Lover Paper Rings
70%
Lover The Archer
70%
1989 Clean
68%
Lover Cornelia Street
68%
Lover Miss Americana & The Heartbreak Prince
68%
1989 New Romantics
68%
Red State Of Grace
68%
Red All Too Well
67%
1989 All You Had To Do Was Stay
67%
1989 How You Get The Girl
67%
Lover Soon You'll Get Better
67%
Lover Afterglow
66%
reputation Getaway Car
66%
reputation Gorgeous
66%
Speak Now Haunted
66%
reputation I Did Something Bad
66%
1989 I Know Places
66%
Taylor Swift Invisible
66%
Taylor Swift The Outside
66%
Speak Now Better Than Revenge
64%
Taylor Swift Cold As You
64%
Lover Death By A Thousand Cuts
64%
Red Everything Has Changed
64%
Fearless Hey Stephen
64%
Taylor Swift I'm Only Me When I'm With You
64%
Speak Now Last Kiss
64%
Speak Now Never Grow Up
64%
reputation New Years Day
64%
reputation Dancing With Our Hands Tied
63%
Lover Daylight
63%
reputation This Is Why We Can't Have Nice Things
63%
1989 This Love
63%
Taylor Swift A Perfectly Good Heart
62%
Taylor Swift A Place in this World
62%
reputation Dress
62%
Speak Now Innocent
62%
1989 I Wish You Would
62%
Taylor Swift Stay Beautiful
62%
Red Stay Stay Stay
62%
Red Treacherous
62%
1989 Wonderland
62%
reputation Delicate
60%
Lover I Think He Knows
60%
Lover It's Nice To Have A Friend
60%
Fearless The Best Day
60%
Speak Now The Story Of Us
60%
Fearless Forever & Always
59%
reputation King Of My Heart
59%
Speak Now Superman
59%
1989 You Are In Love
59%
reputation Call It What You Want
58%
reputation Don't Blame Me
58%
Red Starlight
58%
Taylor Swift Tied Together With A Smile
58%
Fearless Breathe
56%
Fearless Change
56%
reputation So It Goes...
56%
Fearless The Other Side Of The Door
56%
Fearless The Way I Loved You
56%
Red Begin Again
55%
Fearless You're Not Sorry
55%
Red Holy Ground
53%
Red Sad Beautiful Tragic
53%
Fearless Tell Me Why
53%
Red The Lucky One
53%
Red Girl At Home
52%
Red The Last Time
52%
Red I Almost Do
51%
Fearless Untouchable
51%
Fearless Come In With The Rain
49%
Fearless Jump Then Fall
49%
Fearless SuperStar
48%
Speak Now If This Was A Movie
47%
Red The Moment I Knew
47%
Red Come Back...Be Here
44%
Lover False Good
8%
No matching quizzes found
Score Distribution
Percent of People with Each Score
Percentile by Number Answered
Your Score History
You have not taken this quiz since the last reset